[Event "94th ch-GBR"]
[Site "Great Yarmouth ENG"]
[Date "2007.08.04"]
[Round "6"]
[White "Knott,S"]
[Black "Fowler,S"]
[Result "1-0"]
[WhiteElo "2374"]
[BlackElo "2204"]
[EventDate "2007.07.30"]

1. Nf3 d5 2. d4 c6 3. c4 e6 4. Qc2 dxc4 5. Qxc4 Nf6 6. Bg5 b5 7. Qc2 Bb7 8.
e3 Nbd7 9. Be2 Rc8 10. O-O Be7 11. Nbd2 Qb6 12. a4 O-O 13. a5 Qc7 14. a6
Ba8 15. Rfc1 Qb6 16. Ne5 Rfd8 17. Nxd7 Rxd7 18. Nb3 c5 19. Nxc5 Bxc5 20.
Bxf6 Rdc7 21. Bd8 Rxd8 22. dxc5 Qb8 23. Rd1 f5 24. b4 Bd5 25. Qd3 Qa8 26.
Qxb5 Rf7 27. Bc4 f4 28. c6 fxe3 29. fxe3 Bxc4 30. Qxc4 1-0

[Event "94th ch-GBR"]
[Site "Great Yarmouth ENG"]
[Date "2007.08.04"]
[Round "6"]
[White "Poobalasingam,P"]
[Black "Lalic,S"]
[Result "0-1"]
[WhiteElo "2133"]
[BlackElo "2350"]
[EventDate "2007.07.30"]

1. d4 e6 2. Nf3 Nf6 3. g3 c5 4. c3 b6 5. Bg2 Bb7 6. O-O Be7 7. Nbd2 cxd4 8.
cxd4 O-O 9. Re1 d6 10. b3 Nbd7 11. Bb2 Ne4 12. Nxe4 Bxe4 13. Rc1 Nf6 14.
Qd2 Qd7 15. Ba3 Qb7 16. Qf4 Rfd8 17. Nh4 Bxg2 18. Nxg2 Qa6 19. Bb4 Qxa2 20.
Qf3 a5 21. Ra1 Qc2 22. Qb7 Qc8 23. Qxc8 Rdxc8 24. Ba3 Rc3 25. e4 Kf8 26. e5
dxe5 27. dxe5 Nd5 28. Bxe7+ Kxe7 29. Reb1 Rac8 30. Nf4 R8c5 31. Ne2 Rd3 32.
Rb2 g5 33. f4 gxf4 34. gxf4 Rb5 35. f5 exf5 36. Ng3 Ke6 37. Rf1 Rdxb3 38.
Re2 Ne3 0-1

[Event "94th ch-GBR"]
[Site "Great Yarmouth ENG"]
[Date "2007.08.04"]
[Round "6"]
[White "Lewis,An"]
[Black "Chapman,T"]
[Result "1-0"]
[WhiteElo "2284"]
[BlackElo "2200"]
[EventDate "2007.07.30"]

1. d4 Nf6 2. c4 c5 3. Nf3 cxd4 4. Nxd4 e5 5. Nb5 d5 6. cxd5 Bc5 7. e3 O-O
8. N5c3 e4 9. Be2 Qe7 10. Nd2 Rd8 11. Qc2 Bf5 12. g4 Nxg4 13. Bxg4 Bxg4 14.
Qxe4 Qxe4 15. Ndxe4 Na6 16. a3 f5 17. Rg1 Be7 18. Bd2 Rd7 19. d6 Bxd6 20.
h3 Bh2 21. hxg4 Bxg1 22. gxf5 Bh2 23. f4 h5 24. Ke2 h4 25. f6 Rad8 26. Be1
Bg3 27. Bxg3 hxg3 28. Rg1 Kf8 29. Rxg3 gxf6 30. Nxf6 Rd2+ 31. Kf3 Kf7 32.
Nce4 Rxb2 33. f5 Nc5 34. Rh3 Nxe4 35. Nxe4 Rg8 36. Kf4 Rb3 37. Ng5+ Ke7 38.
Rh7+ Kd6 39. e4 Rb1 40. Rh6+ Kd7 41. Rh7+ Kd6 42. e5+ Kc6 43. Rh6+ Kc7 44.
Ne6+ Kc6 45. Nf8+ Kc7 46. Ng6 Rg1 47. Rh7+ Kb6 48. e6 R1xg6 49. fxg6 Rxg6
50. e7 Rg8 51. Kf5 Kb5 52. Ke6 Ka4 53. Kf7 Rc8 54. e8=Q+ Rxe8 55. Kxe8 Kxa3
56. Rxb7 a5 57. Kd7 a4 58. Kc6 Ka2 59. Kc5 a3 60. Kb4 Kb2 61. Rh7 a2 62.
Rh2+ Kb1 63. Kb3 a1=N+ 64. Kc3 1-0

[Event "94th ch-GBR"]
[Site "Great Yarmouth ENG"]
[Date "2007.08.04"]
[Round "6"]
[White "Bonafont,P"]
[Black "Posazhennikov,A"]
[Result "1/2-1/2"]
[WhiteElo "2098"]
[BlackElo "2247"]
[EventDate "2007.07.30"]

1. d4 f5 2. Bf4 Nf6 3. e3 e6 4. Nf3 d5 5. c4 c6 6. Nc3 Nbd7 7. Qc2 Ne4 8.
Bd3 Ndf6 9. h3 Bb4 10. O-O O-O 11. a3 Be7 12. b4 a6 13. c5 Nxc3 14. Qxc3
Ne4 15. Bxe4 fxe4 16. Ne5 Bd7 17. f3 exf3 18. Rxf3 Be8 19. Raf1 a5 20. Kh2
axb4 21. axb4 Ra2 22. R3f2 Rxf2 23. Rxf2 g5 24. Bg3 Rxf2 25. Bxf2 Qa8 26.
Qb3 h5 27. e4 Bf6 28. exd5 exd5 29. Qf3 Qd8 30. Qf5 Qe7 31. Be3 Kg7 32. g4
hxg4 33. hxg4 Bf7 34. Kg2 Qe6 35. Qxe6 Bxe6 36. Kg3 Bg8 37. Bf2 Bh7 38. Be3
Be4 39. Nd7 Bd8 40. Ne5 Bc2 41. Nf3 Kh6 42. Kf2 Bd1 43. Kg2 Kg6 44. Kf2 Bc7
45. Kg2 Bf4 46. Bxf4 gxf4 47. Ne5+ Kg5 48. Nf7+ Kxg4 49. Nd6 Be2 50. Nxb7
f3+ 51. Kf2 Kf4 52. Nd8 Bb5 53. Nf7 Ba6 54. Ne5 Bb5 55. Nf7 Ke4 56. Nd6+
Kxd4 57. Nxb5+ Kc4 58. Na7 Kxb4 59. Nxc6+ Kxc5 60. Ne5 Kd4 1/2-1/2

[Event "94th ch-GBR"]
[Site "Great Yarmouth ENG"]
[Date "2007.08.04"]
[Round "6"]
[White "Hodgson,Jo"]
[Black "James,R"]
[Result "1/2-1/2"]
[WhiteElo "2227"]
[BlackElo "2238"]
[EventDate "2007.07.30"]

1. e4 e5 2. Nf3 Nc6 3. Bb5 Nf6 4. O-O Nxe4 5. d4 Nd6 6. Bxc6 dxc6 7. dxe5
Nf5 8. Qxd8+ Kxd8 9. Nc3 Ne7 10. Nd4 c5 11. Nf3 Be6 12. Rd1+ Kc8 13. Ng5 h6
14. Nxe6 fxe6 15. Ne4 b6 16. f4 Nc6 17. c4 Be7 18. Be3 Kb7 19. Rd7 Rad8 20.
Rad1 Rxd7 21. Rxd7 Kc8 22. Rd1 a5 23. a4 Rf8 24. g3 Rf5 25. h4 Nxe5 26.
fxe5 Rxe5 27. Bxh6 Rxe4 28. Bxg7 Rg4 29. Be5 Bxh4 30. Kf2 Be7 31. b3 Rg5
32. Bf4 Rh5 33. Kf3 Bf6 34. Ke4 Bd4 35. Rf1 Kd7 36. Rf3 Rh1 37. g4 e5 38.
Bg3 Ke6 39. g5 Rh8 40. Rf6+ Ke7 41. Rh6 Rg8 42. Bh4 Rg7 43. Kd5 Kd7 44. g6
c6+ 45. Ke4 Ke6 46. Rh7 Rxg6 47. Bd8 Rg3 48. Rh6+ Kd7 49. Bxb6 Rxb3 50.
Rh7+ Kc8 51. Bxa5 Ra3 52. Rc7+ Kb8 53. Rxc6 Rxa4 54. Bc7+ Kb7 55. Kd5 e4
56. Bg3 1/2-1/2

[Event "94th ch-GBR"]
[Site "Great Yarmouth ENG"]
[Date "2007.08.04"]
[Round "6"]
[White "Sowray,P"]
[Black "Anderson,J"]
[Result "1-0"]
[WhiteElo "2352"]
[BlackElo "2207"]
[EventDate "2007.07.30"]

1. e4 e5 2. Nf3 Nc6 3. Bb5 f5 4. d3 Nf6 5. O-O fxe4 6. dxe4 d6 7. Nc3 Be7
8. Qd3 Bg4 9. h3 Bxf3 10. Qxf3 O-O 11. Ne2 Kh8 12. c3 Qd7 13. Ng3 Ng8 14.
Qe2 Rae8 15. Be3 a6 16. Ba4 Bf6 17. Rad1 b5 18. Bc2 Na5 19. a4 g6 20. Ra1
Ra8 21. Rfd1 Bh4 22. b3 Rfb8 23. Nf1 bxa4 24. b4 Nb3 25. Bxb3 axb3 26. Rxa6
Rxa6 27. Qxa6 Be7 28. Qc4 c5 29. Rb1 Qb5 30. Qxb5 Rxb5 31. Rxb3 Nf6 32. Nd2
Kg7 33. f3 cxb4 34. Rxb4 Rxb4 35. cxb4 d5 36. Bc5 Bxc5+ 37. bxc5 dxe4 38.
Nxe4 Nxe4 39. fxe4 Kf6 40. Kf2 1-0

[Event "94th ch-GBR"]
[Site "Great Yarmouth ENG"]
[Date "2007.08.04"]
[Round "6"]
[White "Eggleston,D"]
[Black "McEwan,K"]
[Result "1-0"]
[WhiteElo "2330"]
[BlackElo "2170"]
[EventDate "2007.07.30"]

1. e4 c5 2. Nf3 e6 3. d4 cxd4 4. Nxd4 Nf6 5. Nc3 d6 6. g3 Bd7 7. Bg2 Nc6 8.
Ndb5 Qb8 9. Bf4 Ne5 10. a4 a6 11. Nd4 Nc6 12. Nb3 Be7 13. O-O O-O 14. a5
Qc7 15. Be3 Ne5 16. Bb6 Qc8 17. Nd2 Nc4 18. Nxc4 Qxc4 19. e5 dxe5 20. Bxb7
Bc6 21. Bxc6 Qxc6 22. Qe2 Nd7 23. Na4 Rfc8 24. Rfc1 e4 25. Bd4 Bg5 26. Re1
Qxc2 27. Nb6 Qxe2 28. Rxe2 Nxb6 29. axb6 Rd8 30. Be5 Bf6 31. Bc7 g6 32. Rc2
Rdb8 33. Bxb8 Rxb8 34. Rxa6 Bd4 35. Rc4 Bxb6 36. Rxe4 Bc5 37. Rc4 Rb5 38.
Ra1 e5 39. Rb1 Bd4 40. b3 Kf8 41. Kf1 Ke7 42. f4 Ke6 43. fxe5 Bxe5 44. Ke2
h5 45. b4 Bd6 46. Kd3 g5 47. Re4+ Kd5 48. Rd4+ Ke6 49. Kc4 Rb6 50. b5 f5
51. Re1+ Kd7 52. Rd5 h4 53. Rxf5 hxg3 54. hxg3 Bxg3 55. Rd1+ Kc8 56. Rxg5
Bc7 57. Rg8+ Kb7 58. Rd7 Rh6 59. Rgg7 Rh4+ 60. Rd4 Rh1 61. Kc5 Rh5+ 62. Kb4
Kb6 63. Rg6+ Kb7 64. Rc4 Rh7 65. Ka4 Rf7 66. b6 Bf4 67. Kb5 Be3 68. Rcc6
Rf5+ 69. Kc4 Rf7 70. Rce6 Bf2 71. Re4 Ka6 72. Ree6 Kb7 73. Kd5 Rd7+ 74. Ke4
Rf7 75. Rh6 Bg3 76. Rh1 Rf4+ 77. Ke3 Rf7 78. Rb1 Bb8 79. Rd1 Bh2 80. Ke4
Rf4+ 81. Ke3 Rf7 82. Rd5 Rh7 83. Kd3 Ka6 84. Rg6 Rb7 85. Rh5 Bb8 86. Rh8
Rd7+ 87. Kc4 Kb7 88. Kc5 Be5 89. Rh5 Bd4+ 90. Kb5 Be3 91. Rf6 Bd4 92. Rfh6
Kb8 93. Kc6 Rd8 94. Rh7 Rg8 95. R7h6 Rc8+ 96. Kb5 Rc1 97. Ka6 Ra1+ 98. Ra5
Rf1 99. Rd6 Bf6 100. Rd7 Rb1 101. Rd6 Be7 102. Re6 Bd8 103. Rc6 Rb2 1-0

[Event "94th ch-GBR"]
[Site "Great Yarmouth ENG"]
[Date "2007.08.04"]
[Round "6"]
[White "Storey,Ch"]
[Black "Kwiatkowski,F"]
[Result "1-0"]
[WhiteElo "2218"]
[BlackElo "2255"]
[EventDate "2007.07.30"]

1. e4 c5 2. Nc3 Nc6 3. g3 g6 4. Bg2 Bg7 5. d3 d6 6. Be3 e5 7. Qd2 Nge7 8.
Bh6 O-O 9. h4 f6 10. Bxg7 Kxg7 11. h5 g5 12. h6+ Kh8 13. O-O-O Bg4 14. f3
Be6 15. f4 gxf4 16. gxf4 d5 17. fxe5 Nxe5 18. exd5 Nxd5 19. Bxd5 Bxd5 20.
Rh5 Bc6 21. Qf4 Qd4 22. Qxd4 cxd4 23. Nce2 Nf3 24. Rf5 Nh4 25. Rf4 Ng2 26.
Rxd4 f5 27. Nf4 Rf6 28. Nxg2 Bxg2 29. Rf4 Raf8 30. Rd2 Rg8 31. Rdf2 Rxh6
32. Ne2 Bh3 33. Rh2 Kg7 34. Rd4 Kh8 35. Nf4 Rg3 36. Rd8+ Kg7 37. Rd7+ Kg8
38. Rxb7 Rf3 1-0

[Event "94th ch-GBR"]
[Site "Great Yarmouth ENG"]
[Date "2007.08.04"]
[Round "6"]
[White "Mason,D"]
[Black "Tippleston,C"]
[Result "1/2-1/2"]
[WhiteElo "2251"]
[BlackElo "2178"]
[EventDate "2007.07.30"]

1. c4 e5 2. Nc3 Nf6 3. Nf3 Nc6 4. a3 d5 5. cxd5 Nxd5 6. Qc2 Be7 7. e3 O-O
8. Bc4 Be6 9. d3 Kh8 10. O-O f5 11. Nxd5 Bxd5 12. e4 fxe4 13. dxe4 Bxc4 14.
Qxc4 Bd6 15. Be3 Qe8 16. Rfd1 Qh5 17. Rac1 Rf6 18. Qe2 Qg6 19. Rc4 Re8 20.
Nh4 Qf7 21. Nf5 Bf8 22. Rdc1 g6 23. Nh4 Bd6 24. Nf3 Qd7 25. b4 a6 26. Qb2
Nd8 27. Bg5 Rff8 28. Bxd8 Qxd8 29. Rd1 Qe7 30. Qd2 Rd8 31. Qg5 Qe6 32. Rc3
Be7 33. Rxd8 Rxd8 34. Qc1 c6 35. h3 Kg7 36. Qc2 Bf6 37. Rd3 Rc8 38. Qc5 Re8
39. Qd6 Kf7 40. Qxe6+ Kxe6 41. Nd2 Rd8 42. Rxd8 Bxd8 43. Nb3 b6 44. Kf1 Bc7
45. Ke2 Bb8 46. Kd3 Ba7 47. f3 g5 48. a4 b5 49. axb5 axb5 50. Nc1 c5 51.
bxc5 Bxc5 52. Kc3 Bd6 53. g4 Kd7 54. Nd3 Kc6 55. Kb3 Kb6 56. Kc3 Kc6 57.
Kb3 Kb6 1/2-1/2

[Event "94th ch-GBR"]
[Site "Great Yarmouth ENG"]
[Date "2007.08.04"]
[Round "6"]
[White "Adams,D"]
[Black "De Coverly,R"]
[Result "1-0"]
[WhiteElo "2234"]
[BlackElo "2086"]
[EventDate "2007.07.30"]

1. e4 e5 2. Bc4 Nf6 3. d4 exd4 4. Nf3 Nc6 5. e5 d5 6. Bb5 Ne4 7. Nxd4 Bd7
8. Bxc6 bxc6 9. O-O Be7 10. f3 Ng5 11. f4 Ne4 12. Nd2 Nxd2 13. Bxd2 O-O 14.
Qf3 c5 15. Ne2 Bf5 16. Rac1 f6 17. Nc3 fxe5 18. Qxd5+ Qxd5 19. Nxd5 Bd8 20.
fxe5 c6 21. Ne3 Be6 22. Rxf8+ Kxf8 23. Rf1+ Ke8 24. Nf5 Bxf5 25. Rxf5 Ke7
26. Bg5+ Ke6 27. Rf8 1-0

[Event "94th ch-GBR"]
[Site "Great Yarmouth ENG"]
[Date "2007.08.04"]
[Round "6"]
[White "Spence,D"]
[Black "Foord,D"]
[Result "1-0"]
[WhiteElo "2183"]
[BlackElo "1950"]
[EventDate "2007.07.30"]

1. e4 e5 2. Nf3 Nc6 3. Bc4 Nf6 4. Qe2 Be7 5. d3 d6 6. c3 O-O 7. Bb3 h6 8.
Nbd2 Re8 9. O-O Nh5 10. Nc4 Nf4 11. Bxf4 exf4 12. Qd2 g5 13. d4 Bf6 14. Qd3
Bg7 15. Rfe1 Ne7 16. a4 Ng6 17. Nfd2 g4 18. g3 Qg5 19. Na3 c6 20. Bc2 Be6
21. b4 Rad8 22. b5 c5 23. Rad1 Bc8 24. a5 Nf8 25. Nf1 h5 26. b6 a6 27. Ba4
Bd7 28. Bxd7 Nxd7 29. Nc4 Nf8 30. dxc5 dxc5 31. Qc2 Be5 32. Rd5 Ng6 33.
Red1 Qf6 34. Rxc5 Rxd1 35. Qxd1 fxg3 36. hxg3 Rd8 37. Rd5 Rxd5 38. Qxd5 Qe7
39. Nfe3 Bxc3 40. Nf5 Qb4 41. Nfd6 Nh8 42. Qxh5 Qb1+ 43. Kg2 Qd1 44. Qf5
Qe2 45. Ne3 Be1 46. Nxg4 Qa2 47. Nxb7 Ng6 48. Nd6 Bxa5 49. b7 1-0

[Event "94th ch-GBR"]
[Site "Great Yarmouth ENG"]
[Date "2007.08.04"]
[Round "6"]
[White "White,E"]
[Black "Smith,G"]
[Result "1-0"]
[WhiteElo "1969"]
[BlackElo "2129"]
[EventDate "2007.07.30"]

1. d4 Nf6 2. g3 d5 3. Bg2 Bf5 4. c4 c6 5. Qb3 Qd7 6. Nf3 dxc4 7. Qxc4 Qd5
8. Qxd5 cxd5 9. Nc3 Nc6 10. O-O e6 11. Nb5 Rc8 12. Bf4 Ne4 13. Ne5 a6 14.
Nxc6 Rxc6 15. Na7 Rc2 16. Rfc1 Rxb2 17. f3 Nd2 18. Rc8+ Kd7 19. Rc7+ Kd8
20. Rac1 Nc4 21. e4 e5 22. Bxe5 Nxe5 23. exf5 Nc6 24. Rc8+ Kd7 25. f6 Rxg2+
26. Kxg2 Nxa7 27. R8c7+ Ke6 28. Rxb7 Nb5 29. Rb8 Nd6 30. Rc6 gxf6 31. Rd8
a5 32. Rcxd6+ Bxd6 33. Rxh8 Ba3 34. Rxh7 Bb2 35. Rh4 f5 36. Kf2 a4 37. Ke2
a3 38. Kd3 Bc1 39. Rh8 f4 40. g4 1-0

[Event "94th ch-GBR"]
[Site "Great Yarmouth ENG"]
[Date "2007.08.04"]
[Round "6"]
[White "Griffiths,R"]
[Black "Van Kemenade,R"]
[Result "1/2-1/2"]
[WhiteElo "2046"]
[BlackElo "2032"]
[EventDate "2007.07.30"]

1. e4 e5 2. Nf3 Nf6 3. Nxe5 d6 4. Nf3 Nxe4 5. Nc3 Nf6 6. d4 d5 7. Bg5 Be7
8. Bd3 Nbd7 9. Qd2 c6 10. O-O-O O-O 11. Rde1 Re8 12. Ne5 Nxe5 13. Rxe5 h6
14. h4 Ng4 15. Bxe7 Rxe7 16. Rxe7 Qxe7 17. Re1 Be6 18. f3 Nf6 19. Bf5 Qd6
20. Bxe6 fxe6 21. Qe3 1/2-1/2

[Event "94th ch-GBR"]
[Site "Great Yarmouth ENG"]
[Date "2007.08.04"]
[Round "6"]
[White "Wise,D"]
[Black "Wilson,A"]
[Result "0-1"]
[WhiteElo "2189"]
[BlackElo "2066"]
[EventDate "2007.07.30"]

1. e4 e6 2. d4 d5 3. Nd2 Nf6 4. e5 Nfd7 5. Bd3 c5 6. c3 Nc6 7. Ne2 cxd4 8.
cxd4 f6 9. exf6 Qxf6 10. Nf3 h6 11. O-O Bd6 12. Ng3 O-O 13. Bc2 Rd8 14. Re1
Nf8 15. Ne5 Bxe5 16. dxe5 Qh4 17. f4 Bd7 18. a4 Rac8 19. Ra3 Be8 20. Kh1
Rc7 21. Bb1 Rdc8 22. Rc3 Ne7 23. Rxc7 Rxc7 24. Be3 Nc6 25. Qd2 b6 26. Rc1
Qd8 27. b4 Ne7 28. b5 Rxc1+ 29. Qxc1 Bg6 30. Bxg6 Nfxg6 31. Bd4 Nh4 32. Ne2
Nhf5 33. Qc2 Qf8 34. g3 g5 35. fxg5 Nxd4 0-1

[Event "94th ch-GBR"]
[Site "Great Yarmouth ENG"]
[Date "2007.08.04"]
[Round "6"]
[White "Dossett,C"]
[Black "Armstrong,M"]
[Result "0-1"]
[WhiteElo "2001"]
[BlackElo "2126"]
[EventDate "2007.07.30"]

1. e4 c6 2. c4 e5 3. Nc3 Nf6 4. f4 d5 5. cxd5 cxd5 6. fxe5 Nxe4 7. Nf3 Nc6
8. d3 Nxc3 9. bxc3 d4 10. cxd4 Bb4+ 11. Bd2 Bxd2+ 12. Kxd2 Qa5+ 13. Ke3 Bg4
14. Rc1 Rd8 15. Qb3 Bxf3 16. gxf3 O-O 17. f4 Nxd4 18. Qxb7 f6 19. Qc7 Nf5+
20. Kf2 Qd2+ 21. Be2 Qe3+ 22. Kf1 fxe5 23. Rg1 exf4 24. Bg4 f3 25. Qc4+ Kh8
26. Re1 f2 27. Qc1 fxg1=Q+ 0-1

[Event "94th ch-GBR"]
[Site "Great Yarmouth ENG"]
[Date "2007.08.04"]
[Round "6"]
[White "Jain,A2"]
[Black "Grigoryan Lyell,M"]
[Result "1-0"]
[WhiteElo "2002"]
[BlackElo "2048"]
[EventDate "2007.07.30"]

1. e4 e5 2. Nf3 Nc6 3. Bb5 f5 4. d3 fxe4 5. dxe4 Nf6 6. O-O Bc5 7. Qe2 Nd4
8. Nxd4 Bxd4 9. c3 Bb6 10. a4 c6 11. Bc4 Qe7 12. Bg5 d6 13. Nd2 Be6 14. a5
Bc7 15. f4 exf4 16. Bxf4 O-O 17. e5 dxe5 18. Bxe5 Bxc4 19. Qxc4+ Nd5 20.
Bxc7 Qxc7 21. Rxf8+ Rxf8 22. Nf3 a6 23. Qe4 Nf6 24. Qe6+ Qf7 25. Re1 Qxe6
26. Rxe6 Rd8 27. Kf2 Kf8 28. h3 Rd5 29. Re5 Rxe5 30. Nxe5 Ke7 31. Ke3 Ke6
32. Nd3 Kd5 33. b3 c5 34. c4+ Kd6 35. Kf4 Ng8 36. Ne5 Ne7 37. Nf7+ Kd7 38.
g3 Ng6+ 39. Ke4 Ne7 40. h4 h5 41. Kf4 Ng8 42. Ke5 Ne7 43. Ke4 g6 44. Kf4 b6
45. axb6 Kc6 46. Kg5 Kxb6 47. Ne5 Nf5 48. Nxg6 Nxg3 49. Nf4 Ka5 50. Nd5 Nf5
51. b4+ cxb4 52. Kxf5 b3 53. Ke4 b2 54. Nc3 Kb4 55. Kd4 a5 56. c5 a4 57. c6
a3 58. c7 b1=Q 59. Nxb1 a2 60. c8=Q a1=Q+ 61. Qc3+ Qxc3+ 62. Nxc3 Ka5 63.
Ke5 Kb4 64. Ne4 Kc4 65. Kf5 Kd5 66. Ng3 1-0

[Event "94th ch-GBR"]
[Site "Great Yarmouth ENG"]
[Date "2007.08.06"]
[Round "7"]
[White "Williams,Si1"]
[Black "Aagaard,J"]
[Result "0-1"]
[WhiteElo "2480"]
[BlackElo "2467"]
[EventDate "2007.07.30"]

1. e4 c5 2. Nf3 e6 3. b3 b6 4. d4 cxd4 5. Nxd4 a6 6. Bb2 Qc7 7. Bd3 Bb4+ 8.
c3 Be7 9. O-O Nf6 10. f4 d6 11. Nd2 Bb7 12. c4 Nc6 13. Qe2 Nxd4 14. Bxd4
O-O 15. Kh1 Nd7 16. e5 dxe5 17. fxe5 Rad8 18. Bc3 b5 19. Rac1 b4 20. Bb2
Nc5 21. Bc2 a5 22. Nf3 Bxf3 23. Qxf3 Rd2 24. Qf4 Rd7 25. Rf3 f5 26. Rcf1
Qd8 27. Qe3 Rd2 28. R3f2 Rxf2 29. Qxf2 Ne4 30. Qe2 Bc5 31. g3 Nc3 32. Bxc3
bxc3 33. Rd1 Qa8+ 34. Qg2 Qb8 35. Re1 Rd8 36. Qc6 Qb6 37. Qxb6 Bxb6 38. Re2
h5 39. Kg2 g5 40. Kf3 Kf7 41. Rg2 g4+ 42. Ke2 Kg6 43. Ke1 Bc5 44. Bd1 Kg5
45. Rc2 Be3 46. a3 f4 47. gxf4+ Kxf4 48. Ke2 Bd2 49. b4 h4 50. c5 g3 51.
hxg3+ hxg3 52. Kf1 Rh8 53. c6 Rh1+ 54. Kg2 Rh2+ 55. Kg1 Be3+ 56. Kf1 Rh1+
57. Kg2 Rxd1 58. c7 Kg4 0-1

[Event "94th ch-GBR"]
[Site "Great Yarmouth ENG"]
[Date "2007.08.06"]
[Round "7"]
[White "Pert,N"]
[Black "Flear,G"]
[Result "1/2-1/2"]
[WhiteElo "2536"]
[BlackElo "2479"]
[EventDate "2007.07.30"]

1. d4 d5 2. c4 c6 3. Nf3 dxc4 4. e4 b5 5. a4 Bb7 6. b3 e5 7. bxc4 exd4 8.
cxb5 Bb4+ 9. Bd2 Bxd2+ 10. Nbxd2 Nf6 11. Bd3 O-O 12. O-O cxb5 13. axb5 Nbd7
14. e5 Ng4 15. Qb1 g6 16. Be4 Qb8 17. e6 fxe6 18. h3 Ngf6 19. Bxb7 Qxb7 20.
Nxd4 Qb6 21. N2f3 Nc5 22. Re1 Nd5 23. Ra3 a6 24. Qa2 Nc7 25. bxa6 Rxa6 26.
Rxa6 Qxa6 27. Qc2 Qd6 28. Rc1 N7a6 29. Qe2 Rf4 30. Rd1 Re4 31. Qb5 e5 32.
Qe8+ Qf8 33. Qxf8+ Kxf8 34. Nc6 Nb4 35. Ncxe5 Re2 36. Rd4 Rb2 37. g4 Nba6
38. Rd6 Rb7 39. h4 Re7 40. Kg2 Nc7 41. Rxg6 hxg6 42. Nxg6+ Ke8 43. Nxe7
Kxe7 44. Nd4 N7e6 45. Ne2 Nb3 46. Kg3 Kf6 47. f4 Nbd4 48. Nc3 Nc5 49. h5
Nce6 50. Ne4+ Kg7 51. f5 Nf8 52. Kf4 Kh6 53. Ke5 Nf3+ 54. Kf4 Nd4 55. f6
Nh7 56. Ke5 Nf3+ 57. Kf5 Nd4+ 58. Ke5 Nf3+ 59. Kf5 Nd4+ 60. Kf4 Nc6 61. Ng3
Nd4 62. Ke5 Kg5 63. Kxd4 Kxg4 64. Ke5 Kxg3 65. Kf5 Kh4 66. Kg6 Nf8+ 67. Kg7
Kg5 68. h6 Ne6+ 69. Kf7 Nd8+ 70. Kg7 Ne6+ 71. Kf7 Nd8+ 72. Ke7 Nc6+ 73. Kf8
Kxh6 74. Ke8 Ne5 1/2-1/2

[Event "94th ch-GBR"]
[Site "Great Yarmouth ENG"]
[Date "2007.08.06"]
[Round "7"]
[White "Haslinger,S"]
[Black "Gormally,D"]
[Result "1-0"]
[WhiteElo "2468"]
[BlackElo "2509"]
[EventDate "2007.07.30"]

1. e4 c5 2. Nf3 d6 3. d4 cxd4 4. Nxd4 Nf6 5. Nc3 a6 6. Be3 e5 7. Nde2 Be7
8. Ng3 Be6 9. Be2 O-O 10. O-O g6 11. Nd5 Bxd5 12. exd5 Nbd7 13. Bh6 Re8 14.
c4 Bf8 15. Bd2 a5 16. Bd3 b5 17. cxb5 Nb6 18. Bg5 Be7 19. Bxf6 Bxf6 20. Rc1
Rc8 21. Rc6 Rxc6 22. bxc6 Bg7 23. Bb5 Qh4 24. Qd2 Ra8 25. c7 Qe7 26. Rc1
Rc8 27. Rc6 Na8 28. Qxa5 e4 29. Qa6 Qf8 30. Qb7 Nxc7 31. Rxc7 Rb8 32. Qc6
e3 33. fxe3 Qd8 34. Qd7 1-0

[Event "94th ch-GBR"]
[Site "Great Yarmouth ENG"]
[Date "2007.08.06"]
[Round "7"]
[White "Hebden,M"]
[Black "Buckley,G"]
[Result "1-0"]
[WhiteElo "2540"]
[BlackElo "2379"]
[EventDate "2007.07.30"]

1. d4 Nf6 2. Nf3 g6 3. Nc3 d5 4. Bf4 Bg7 5. Qd2 O-O 6. Bh6 Ne4 7. Nxe4 dxe4
8. Bxg7 Kxg7 9. Ng5 Qd5 10. c4 e3 11. cxd5 exd2+ 12. Kxd2 Rd8 13. e4 c6 14.
Rc1 cxd5 15. exd5 Bf5 16. Bc4 h6 17. Nf3 Be4 18. Rhe1 Bxf3 19. gxf3 Kf8 20.
Bb5 Rxd5 21. Rc8+ Kg7 22. Bd3 Rxd4 23. Rec1 a5 24. R1c4 Rd5 25. Kc3 a4 26.
Re8 a3 27. b4 Ra6 28. Rxb8 Rad6 29. Be4 Rd2 30. Kb3 f5 31. Bc2 b6 32. Rc7
Rxf2 33. Rxe7+ Kf6 34. Re3 Kg5 35. Rd3 Re6 36. Rc3 Rxh2 37. Kxa3 h5 38. Bb3
Rd6 39. b5 h4 40. Rc6 Rd7 41. Rbxb6 Rg7 42. f4+ Kh5 43. Rxg6 1-0

[Event "94th ch-GBR"]
[Site "Great Yarmouth ENG"]
[Date "2007.08.06"]
[Round "7"]
[White "Howell,D"]
[Black "Arakhamia,K"]
[Result "1-0"]
[WhiteElo "2519"]
[BlackElo "2418"]
[EventDate "2007.07.30"]

1. e4 c5 2. c3 d5 3. exd5 Qxd5 4. d4 Nf6 5. Nf3 e6 6. a3 Be7 7. Be3 cxd4 8.
cxd4 Nc6 9. Nc3 Qd6 10. Bd3 b6 11. O-O Bb7 12. Qe2 O-O 13. Rad1 Rad8 14.
Bb1 Rfe8 15. Rfe1 Qb8 16. Bg5 g6 17. Ba2 Nh5 18. d5 exd5 19. Rxd5 Nf4 20.
Bxf4 Qxf4 21. Rxd8 Nxd8 22. Nd5 Bxd5 23. Bxd5 Qf6 24. g3 Kg7 25. Qb5 Rh8
26. h4 h6 27. h5 g5 28. Qd3 Bc5 29. Re2 a5 30. Kg2 Nc6 31. Qe4 Nd4 32. Re3
Nf5 33. Rd3 Nd6 34. Qe2 Re8 35. Qc2 Qf5 36. b4 axb4 37. axb4 Bxf2 38. Bc6
Re6 39. Qc3+ Kg8 40. g4 Qxg4+ 41. Kxf2 Qxh5 42. Re3 Rxe3 43. Qxe3 b5 44.
Qd3 g4 45. Qxd6 gxf3 46. Qb8+ Kg7 47. Qxb5 Qh2+ 48. Kxf3 Qh3+ 49. Ke4 f5+
50. Ke5 Kg6 51. Kd6 Qc3 52. Qc5 Qd2+ 53. Kc7 Kg5 54. b5 1-0

[Event "94th ch-GBR"]
[Site "Great Yarmouth ENG"]
[Date "2007.08.06"]
[Round "7"]
[White "Lalic,S"]
[Black "Gordon,S"]
[Result "0-1"]
[WhiteElo "2350"]
[BlackElo "2487"]
[EventDate "2007.07.30"]

1. e4 c5 2. Nc3 Nc6 3. g3 g6 4. Bg2 Bg7 5. d3 d6 6. Be3 Nf6 7. h3 Rb8 8. f4
O-O 9. Nf3 b5 10. O-O a5 11. g4 b4 12. Ne2 a4 13. f5 Ba6 14. Nf4 c4 15. Qe1
cxd3 16. cxd3 Ne5 17. Rd1 b3 18. a3 Nfd7 19. fxg6 Nxf3+ 20. Rxf3 hxg6 21.
d4 Nb6 22. Nd5 Nxd5 23. exd5 Rc8 24. Rf2 Qb6 25. Be4 Bb7 26. Kh2 e6 27. Qh1
e5 28. Rfd2 Rc4 29. Qf3 exd4 30. Bg5 Re8 31. Rf1 Qc7 32. Qd3 Re5 33. Bf4
Rc2 34. Bxe5 Bxe5+ 35. Kg2 Ba6 36. Rxc2 bxc2 37. Qxc2 Bxf1+ 38. Kxf1 Qa5
39. Ke2 Qb5+ 40. Kf2 Bf4 41. Kg2 Kg7 42. h4 Qa5 43. Qe2 Qd8 44. g5 Qh8 45.
Qf2 Be5 46. Qe1 Qb8 47. Qe2 Qb3 48. Bd3 Qxd5+ 49. Be4 Qb3 50. Bd3 Qa2 51.
Qc2 Qd5+ 52. Be4 Qa5 53. Qe2 Bf4 54. Bd3 Be3 55. Be4 Qe5 56. Qf3 Bf4 57.
Bd3 Bc1 58. Bc4 Qe7 59. Qf6+ Qxf6 60. gxf6+ Kxf6 61. Kf3 Bxb2 62. Bb5 Bxa3
63. Bxa4 Bb4 64. Bc2 Kg7 65. Bd3 Bd2 66. Kg4 f5+ 67. Kh3 Kf6 68. Bb5 Be1
69. Bc4 Bf2 70. Bb5 d5 71. Bd3 Ke5 72. Bb5 Bxh4 73. Kxh4 Kf4 74. Kh3 Ke3
75. Kg2 d3 76. Kf1 Kd2 77. Kf2 Kc2 78. Be8 d2 79. Ba4+ Kc1 80. Ke2 d4 0-1

[Event "94th ch-GBR"]
[Site "Great Yarmouth ENG"]
[Date "2007.08.06"]
[Round "7"]
[White "Ward,C"]
[Black "Knott,S"]
[Result "1-0"]
[WhiteElo "2439"]
[BlackElo "2374"]
[EventDate "2007.07.30"]

1. d4 Nf6 2. c4 g6 3. Nc3 d5 4. Bg5 Ne4 5. Bh4 c5 6. cxd5 Nxc3 7. bxc3 Qxd5
8. e3 cxd4 9. Qxd4 Qxd4 10. cxd4 e6 11. Rb1 Nc6 12. Bf6 Rg8 13. Nf3 Bb4+
14. Nd2 b6 15. Bd3 Bb7 16. Ke2 Bxd2 17. Kxd2 Kd7 18. Rhc1 Rgc8 19. e4 Na5
20. Ke3 Rxc1 21. Rxc1 a6 22. g4 b5 23. Kf4 h6 24. h4 Rg8 25. f3 Nc6 26. Ke3
Rc8 27. Bg7 h5 28. Bf6 Kd6 29. gxh5 gxh5 30. Rc5 Nb4 31. Rxc8 Bxc8 32. Bb1
a5 33. Kf4 a4 34. Kg5 Ba6 35. a3 Nc6 36. Kxh5 b4 37. axb4 Nxb4 38. Kg5 a3
39. h5 Bd3 40. h6 Bxb1 41. h7 a2 42. d5 e5 43. h8=Q a1=Q 44. Qf8+ Kc7 45.
Qc5+ Kd7 46. Qxb4 Qa7 47. Qb5+ Kc8 48. Qe8+ 1-0

[Event "94th ch-GBR"]
[Site "Great Yarmouth ENG"]
[Date "2007.08.06"]
[Round "7"]
[White "Wu,L"]
[Black "Ciuksyte,D"]
[Result "1/2-1/2"]
[WhiteElo "2314"]
[BlackElo "2426"]
[EventDate "2007.07.30"]

1. d4 Nf6 2. c4 e6 3. Nf3 Bb4+ 4. Nbd2 O-O 5. e3 d5 6. a3 Be7 7. b4 a5 8.
b5 c5 9. bxc6 bxc6 10. c5 Nbd7 11. Bd3 e5 12. Nxe5 Nxe5 13. dxe5 Nd7 14.
Bb2 Nxc5 15. Be2 Bf5 16. O-O a4 17. g4 Bd3 18. Bxd3 Nxd3 19. Bc3 f6 20. Nf3
Nc5 21. exf6 Bxf6 22. Bxf6 Qxf6 23. Nd4 Ne4 24. f3 Ng5 25. f4 Ne4 26. g5
Qg6 27. Qg4 Rae8 28. Qd7 Nf6 29. Qxc6 Rxe3 30. Ne6 Qf5 31. Nxf8 Qg4+ 32.
Kh1 Re2 33. Qe6+ Rxe6 34. Nxe6 Nh5 35. f5 Qe4+ 36. Kg1 g6 37. Rfe1 Qg4+ 38.
Kh1 gxf5 39. Rab1 Qf3+ 40. Kg1 Qg4+ 41. Kh1 Qf3+ 42. Kg1 f4 43. Rb8+ Kf7
44. Rf8+ Kg6 45. Rg8+ Kf7 46. Rf8+ 1/2-1/2